| 000 | 01005nam a2200313 c 4500 | ||
|---|---|---|---|
| 001 | 58184 | ||
| 003 | CO-BoRNBP | ||
| 005 | 20250820144220.0 | ||
| 007 | ta | ||
| 008 | 00003022012 ck gr spa d spa | ||
| 020 | _a9789587583892 | ||
| 040 |
_aCO-BoRNBP _bspa _erda _cCO-BoRNBP |
||
| 041 | 0 | _aspa | |
| 043 | _as-ck--- | ||
| 082 | 0 | 4 |
_a070.44 _bA57 _223 |
| 245 | 0 | 0 |
_aAntología de crónica latinoamericana actual / _ceditor Darío Jaramillo Agudelo. |
| 250 |
_aPrimera edición _bsexta reimpresion |
||
| 264 | 1 |
_aBogotá, Colombia : _bAlfaguara, _c2019 |
|
| 300 | _a650 páginas | ||
| 336 |
_atexto _btxt _2rdacontent |
||
| 337 |
_asin mediación _bn _2rdamedia |
||
| 338 |
_avolumen _bnc _2rdacarrier |
||
| 504 | _aIncluye datos biográficos del autor | ||
| 650 | 0 | 7 |
_aCrónicas latinoamericanas _2lemb _962620 |
| 650 | 0 | 0 |
_aCronicas _2LEMB _938458 |
| 650 | 0 | 7 |
_aPeriodismo latinoamericano _2lemb _962621 |
| 700 | 1 |
_aJaramillo Agudelo, Darío, _d1947- _eaut _91234 |
|
| 942 |
_2ddc _cBK |
||
| 999 |
_c58184 _d58184 |
||